[Event "Ayvalik Ananas"]
[Site "Ayvalik"]
[Date "2024.01.29"]
[Round "10.5"]
[White "Kurtyilmaz, Kuzey"]
[Black "Radlovacki, Jovan"]
[Result "1/2-1/2"]
[WhiteElo "1939"]
[BlackElo "2191"]
[PlyCount "115"]
[EventDate "2024.01.25"]
[EventType "schev"]
[EventRounds "10"]
[EventCountry "TUR"]
[SourceTitle "CB05_2024"]
[SourceDate "2024.01.31"]
[SourceVersion "1"]
[SourceVersionDate "2024.01.31"]
[SourceQuality "1"]
[WhiteTeam "Stars"]
[BlackTeam "Masters"]
[WhiteTeamCountry "TUR"]
[BlackTeamCountry "TUR"]

1. e4 d6 2. d4 e5 3. Nf3 exd4 4. Qxd4 Nc6 5. Bb5 Bd7 6. Bxc6 Bxc6 7. Nc3 Nf6 8. Bg5 Be7 9. 0-0-0 h6 10. Bh4 0-0 11. Rhe1 Nd7 12. Bxe7 Qxe7 13. Nd5 Bxd5 14. exd5 Qf6 15. Qxf6 Nxf6 16. Re7 Rfc8 17. c4 Kf8 18. Re2 c6 19. dxc6 Rxc6 20. Rc2 Rac8 21. b3 a6 22. Kb2 d5 23. Nd4 Rc5 24. cxd5 Nxd5 25. Rxc5 Rxc5 26. Nf5 g6 27. Nd6 Nb4 28. a3 Rc2+ 29. Kb1 Rxf2 30. axb4 Rxg2 31. Nxb7 Rxh2 32. Nc5 Rh5 33. Nxa6 Rb5 34. Rd4 h5 35. Kc2 g5 36. Kd3 h4 37. Ke4 g4 38. Kf4 g3 39. Kg4 Rb6 40. Kxh4 g2 41. Rd1 Rxa6 42. Rg1 Ra2 43. Kg3 Rb2 44. Rxg2 Rxb3+ 45. Kf4 Rxb4+ 46. Kf5 Rb5+ 47. Kf6 Rb6+ 48. Kf5 Re6 49. Rg1 Ke7 50. Ra1 Re2 51. Ra7+ Kf8 52. Ra4 Rf2+ 53. Rf4 Ra2 54. Re4 Ra1 55. Ke5 Kg7 56. Rg4+ Kh6 57. Kf5 Rf1+ 58. Rf4 1/2-1/2

[Event "Ayvalik Ananas"]
[Site "Ayvalik"]
[Date "2024.01.25"]
[Round "1.4"]
[White "Nadj Hedjesi, Balind"]
[Black "Kurtyilmaz, Kuzey"]
[Result "1/2-1/2"]
[WhiteElo "2238"]
[BlackElo "1939"]
[PlyCount "62"]
[EventDate "2024.01.25"]
[EventType "schev"]
[EventRounds "10"]
[EventCountry "TUR"]
[SourceTitle "CB05_2024"]
[SourceDate "2024.01.31"]
[SourceVersion "1"]
[SourceVersionDate "2024.01.31"]
[SourceQuality "1"]
[WhiteTeam "Masters"]
[BlackTeam "Stars"]
[WhiteTeamCountry "TUR"]
[BlackTeamCountry "TUR"]

1. Nf3 d5 2. c4 dxc4 3. g3 Nf6 4. Na3 e6 5. Nxc4 Be7 6. Bg2 0-0 7. 0-0 c5 8. d3 Nc6 9. Re1 Nd5 10. Qb3 b6 11. Bd2 Bb7 12. a4 Ndb4 13. Bc3 Qc7 14. Rac1 Rfd8 15. h4 Rac8 16. h5 h6 17. Bh3 Bd6 18. Kh2 Qe7 19. Qa3 Bc7 20. Kg1 Ra8 21. Red1 e5 22. Bg2 Rab8 23. Bxb4 Nxb4 24. a5 e4 25. axb6 axb6 26. dxe4 Bxe4 27. Rxd8+ Rxd8 28. Qe3 Nd5 29. Qb3 Nb4 30. Qe3 Nd5 31. Qb3 Nb4 1/2-1/2

[Event "Ayvalik Mango"]
[Site "Ayvalik"]
[Date "2024.01.23"]
[Round "9.4"]
[White "Kurtyilmaz, Kuzey"]
[Black "Guliev, Sarhan"]
[Result "1-0"]
[WhiteElo "1939"]
[BlackElo "2245"]
[PlyCount "77"]
[EventDate "2024.01.19"]
[EventType "schev"]
[EventRounds "10"]
[EventCountry "TUR"]
[SourceTitle "CB05_2024"]
[SourceDate "2024.01.31"]
[SourceVersion "1"]
[SourceVersionDate "2024.01.31"]
[SourceQuality "1"]
[WhiteTeam "Yildizlar"]
[BlackTeam "Ustalar"]
[WhiteTeamCountry "TUR"]
[BlackTeamCountry "TUR"]

1. e4 c5 2. Nc3 Nc6 3. Bb5 Nd4 4. Bc4 e6 5. Nge2 Ne7 6. 0-0 a6 7. a4 g6 8. d3 Bg7 9. Bg5 0-0 10. f4 f6 11. Bh4 d5 12. Ba2 Rb8 13. Nxd4 cxd4 14. Ne2 Qb6 15. Bf2 Qxb2 16. Bb3 dxe4 17. Ra2 Qxa2 18. Bxa2 e3 19. Nxd4 exf2+ 20. Rxf2 f5 21. Nxe6 Bxe6 22. Bxe6+ Kh8 23. d4 Rfd8 24. d5 Nc8 25. c4 b6 26. Bxc8 Rbxc8 27. Qd3 b5 28. axb5 axb5 29. cxb5 Rc3 30. Qd2 Rc4 31. Rf3 h5 32. d6 Rd4 33. Rd3 R8xd6 34. Rxd4 Rxd4 35. Qc1 Rb4 36. Qc6 Rxf4 37. Qc8+ Kh7 38. Qc7 g5 39. h4 1-0

[Event "Ayvalik Armut"]
[Site "Ayvalik"]
[Date "2023.11.18"]
[Round "5"]
[White "Radlovacki, Jovan"]
[Black "Kurtyilmaz, Kuzey"]
[Result "1-0"]
[WhiteElo "2268"]
[BlackElo "1822"]
[PlyCount "93"]
[EventDate "2023.11.16"]
[EventType "schev"]
[EventRounds "10"]
[EventCountry "TUR"]
[SourceTitle "CB47_2023"]
[SourceDate "2023.11.22"]
[SourceVersion "1"]
[SourceVersionDate "2023.11.22"]
[SourceQuality "1"]
[WhiteTeam "Masters"]
[BlackTeam "Stars"]

1. d4 d5 2. Bf4 Nf6 3. e3 c5 4. Nc3 cxd4 5. exd4 a6 6. Nf3 Nc6 7. h3 g6 8. Ne5 Bg7 9. Nxc6 bxc6 10. Be5 0-0 11. Be2 Nd7 12. Bxg7 Kxg7 13. 0-0 Rb8 14. b3 Qc7 15. Re1 f6 16. Bg4 e5 17. Bxd7 Bxd7 18. Qd2 e4 19. Rf1 f5 20. f4 Kh8 21. Na4 Rbe8 22. Rae1 Rf7 23. Nc5 Bc8 24. Nd3 Rg8 25. Ne5 Rfg7 26. h4 h6 27. Kf2 c5 28. Qc3 cxd4 29. Qxd4 Kh7 30. Rc1 Qa5 31. a4 Be6 32. c3 Rc8 33. Rc2 Qc5 34. Qxc5 Rxc5 35. b4 Rc8 36. Ke3 g5 37. hxg5 hxg5 38. g3 gxf4+ 39. gxf4 Rg3+ 40. Kd4 Kg7 41. Rh1 Bg8 42. b5 axb5 43. axb5 Rb8 44. Rb2 Rb6 45. Ra1 e3 46. Ra7+ Kf8 47. Nd7+ 1-0

[Event "Ayvalik Armut"]
[Site "Ayvalik"]
[Date "2023.11.16"]
[Round "1"]
[White "Guliev, Sarhan"]
[Black "Kurtyilmaz, Kuzey"]
[Result "1-0"]
[WhiteElo "2298"]
[BlackElo "1822"]
[PlyCount "59"]
[EventDate "2023.11.16"]
[EventType "schev"]
[EventRounds "10"]
[EventCountry "TUR"]
[SourceTitle "CB47_2023"]
[SourceDate "2023.11.22"]
[SourceVersion "1"]
[SourceVersionDate "2023.11.22"]
[SourceQuality "1"]
[WhiteTeam "Masters"]
[BlackTeam "Stars"]

1. d4 Nf6 2. c4 e6 3. Nc3 Bb4 4. e3 0-0 5. Nge2 d5 6. a3 Be7 7. cxd5 exd5 8. g3 c6 9. Bg2 Re8 10. 0-0 Bf8 11. b3 Bf5 12. f3 h6 13. g4 Bh7 14. Ng3 c5 15. f4 cxd4 16. exd4 Be4 17. Ra2 Bxg2 18. Rxg2 Qd7 19. g5 hxg5 20. fxg5 Ne4 21. Ncxe4 dxe4 22. Nh5 Be7 23. Nf6+ Bxf6 24. gxf6 g6 25. Qh5 Re6 26. Qh6 Rxf6 27. Rxf6 Qxd4+ 28. Rgf2 Qd1+ 29. Rf1 Qg4+ 30. Kh1 1-0

[Event "Ayvalik Portakal"]
[Site "Ayvalik"]
[Date "2023.11.15"]
[Round "10"]
[White "Nikolov, Sasho"]
[Black "Kurtyilmaz, Kuzey"]
[Result "1-0"]
[WhiteElo "2246"]
[BlackElo "1822"]
[PlyCount "61"]
[EventDate "2023.11.11"]
[EventType "schev"]
[EventRounds "10"]
[EventCountry "TUR"]
[SourceTitle "CB47_2023"]
[SourceDate "2023.11.22"]
[SourceVersion "1"]
[SourceVersionDate "2023.11.22"]
[SourceQuality "1"]
[WhiteTeam "Masters"]
[BlackTeam "Stars"]

1. d4 d5 2. Nf3 Nf6 3. c4 c6 4. Nbd2 g6 5. e3 Bg7 6. Bd3 Bf5 7. Bxf5 gxf5 8. Qc2 e6 9. b3 Nbd7 10. h3 h5 11. Ba3 Ne4 12. cxd5 cxd5 13. Rc1 Qa5 14. Qc8+ Rxc8 15. Rxc8+ Qd8 16. Rxd8+ Kxd8 17. Nxe4 fxe4 18. Ng5 Ke8 19. Ke2 Bf6 20. h4 Bxg5 21. hxg5 Nb6 22. Bd6 Kd7 23. Be5 Rh7 24. Rh4 Ke7 25. g4 Nd7 26. Rxh5 Nf8 27. Kd2 Kd7 28. Kc3 Kc6 29. Kb4 b6 30. Bf6 Kd7 31. Kb5 1-0

[Event "Ayvalik Portakal"]
[Site "Ayvalik"]
[Date "2023.11.11"]
[Round "2"]
[White "Milanovic, Slavisa"]
[Black "Kurtyilmaz, Kuzey"]
[Result "1-0"]
[WhiteElo "2326"]
[BlackElo "1822"]
[PlyCount "73"]
[EventDate "2023.11.11"]
[EventType "schev"]
[EventRounds "10"]
[EventCountry "TUR"]
[SourceTitle "CB47_2023"]
[SourceDate "2023.11.22"]
[SourceVersion "1"]
[SourceVersionDate "2023.11.22"]
[SourceQuality "1"]
[WhiteTeam "Masters"]
[BlackTeam "Stars"]

1. c4 e5 2. g3 Nf6 3. Bg2 c6 4. Nf3 e4 5. Nd4 d5 6. cxd5 cxd5 7. d3 Bc5 8. Nb3 Bb4+ 9. Bd2 Bxd2+ 10. Qxd2 Qe7 11. Nc3 0-0 12. 0-0 Nc6 13. Rac1 Bf5 14. Qg5 Bg6 15. Nxd5 Nxd5 16. Qxd5 exd3 17. exd3 Rad8 18. Qc5 Qe2 19. Bxc6 bxc6 20. Nd4 Qxd3 21. Rcd1 Qe4 22. Nxc6 Rde8 23. Rd7 Qf3 24. Ne7+ Kh8 25. Nxg6+ fxg6 26. Qxa7 Qf6 27. Qd4 Qxd4 28. Rxd4 Re2 29. Rb4 g5 30. f3 h6 31. Rf2 Re1+ 32. Kg2 Kh7 33. a4 h5 34. a5 Rd8 35. Ra4 Rdd1 36. b3 Rb1 37. a6 1-0

[Event "TUR-chT 1st League"]
[Site "Denizli"]
[Date "2023.07.15"]
[Round "9.54"]
[White "Kurtyilmaz, Kuzey"]
[Black "Buke, Furkan"]
[Result "0-1"]
[WhiteElo "1780"]
[BlackElo "1973"]
[PlyCount "66"]
[EventDate "2023.07.09"]
[EventType "team-swiss"]
[EventRounds "9"]
[EventCountry "TUR"]
[SourceTitle "CBM 215 Extra"]
[Source "ChessBase"]
[SourceDate "2023.09.30"]
[SourceVersion "1"]
[SourceVersionDate "2023.09.30"]
[SourceQuality "1"]
[WhiteTeam "Ankara Demirspor"]
[BlackTeam "Bursa Deneyim"]
[WhiteTeamCountry "TUR"]
[BlackTeamCountry "TUR"]

1. e4 g6 2. d4 Bg7 3. Nc3 d6 4. f4 a6 5. a4 Nf6 6. Nf3 c5 7. d5 0-0 8. Bc4 Qa5 9. Bd2 Bg4 10. h3 Bxf3 11. Qxf3 Nbd7 12. Qe2 Nh5 13. Qd3 Qc7 14. a5 b5 15. axb6 Qxb6 16. 0-0 a5 17. Ra2 Rfb8 18. Rfa1 g5 19. g3 gxf4 20. gxf4 Kh8 21. Nb5 Rg8 22. Kh2 Ne5 23. Qe2 Nxc4 24. Qxc4 Bh6 25. Rf1 Rg3 26. Ra3 Rg7 27. Raf3 Rag8 28. R3f2 Qd8 29. Bc3 f6 30. e5 Qd7 31. exf6 exf6 32. f5 Rg3 33. Qh4 Qg7 0-1

[Event "TUR-chT 1st League"]
[Site "Denizli"]
[Date "2023.07.10"]
[Round "3.84"]
[White "Kurtyilmaz, Kuzey"]
[Black "Sat, Eray"]
[Result "1/2-1/2"]
[WhiteElo "1780"]
[BlackElo "1791"]
[PlyCount "109"]
[EventDate "2023.07.09"]
[EventType "team-swiss"]
[EventRounds "9"]
[EventCountry "TUR"]
[SourceTitle "CBM 215 Extra"]
[Source "ChessBase"]
[SourceDate "2023.09.30"]
[SourceVersion "1"]
[SourceVersionDate "2023.09.30"]
[SourceQuality "1"]
[WhiteTeam "Ankara Demirspor"]
[BlackTeam "Yalova Belediye"]
[WhiteTeamCountry "TUR"]
[BlackTeamCountry "TUR"]

1. e4 c5 2. c3 Nf6 3. e5 Nd5 4. d4 cxd4 5. Nf3 e6 6. cxd4 d6 7. exd6 Bxd6 8. Bd3 Nd7 9. Nc3 Nxc3 10. bxc3 Qc7 11. Bd2 b6 12. Ng5 Nf6 13. Qe2 Bb7 14. Bb5+ Bc6 15. f3 0-0 16. Bxc6 Qxc6 17. Ne4 Nd5 18. Nxd6 Qxd6 19. 0-0 Rac8 20. Rfc1 Rfd8 21. Rab1 h6 22. g3 Ne7 23. Rb5 Nf5 24. Bf4 Qc6 25. Re5 Rd5 26. Qf2 Qc4 27. g4 Rxe5 28. Bxe5 Ne7 29. f4 Qd3 30. Qg3 Qd2 31. Qe1 Qxe1+ 32. Rxe1 Nd5 33. f5 Rxc3 34. fxe6 fxe6 35. Bb8 Kf7 36. Rf1+ Ke7 37. Bxa7 Rc8 38. Rb1 Ra8 39. Bxb6 Nxb6 40. Rxb6 Rxa2 41. h4 Rd2 42. Rb7+ Kf6 43. Rd7 g6 44. Kh1 h5 45. gxh5 gxh5 46. Rh7 Kg6 47. Re7 Kf5 48. Rg7 Rxd4 49. Rg5+ Kf4 50. Rxh5 e5 51. Rg5 e4 52. Kg2 Rd2+ 53. Kf1 Rh2 54. Rg2 Rxh4 55. Ke2 1/2-1/2

[Event "TUR-chT 1st League"]
[Site "Denizli"]
[Date "2023.07.09"]
[Round "1.94"]
[White "Sekerci, Berkin"]
[Black "Kurtyilmaz, Kuzey"]
[Result "1-0"]
[WhiteElo "1689"]
[BlackElo "1780"]
[PlyCount "73"]
[EventDate "2023.07.09"]
[EventType "team-swiss"]
[EventRounds "9"]
[EventCountry "TUR"]
[SourceTitle "CBM 215 Extra"]
[Source "ChessBase"]
[SourceDate "2023.09.30"]
[SourceVersion "1"]
[SourceVersionDate "2023.09.30"]
[SourceQuality "1"]
[WhiteTeam "Gokyay Vakfi"]
[BlackTeam "Ankara Demirspor"]
[WhiteTeamCountry "TUR"]
[BlackTeamCountry "TUR"]

1. e4 e5 2. Nf3 Nc6 3. d4 exd4 4. Bc4 Nf6 5. e5 d5 6. Bb5 Nd7 7. 0-0 Be7 8. Re1 0-0 9. Bxc6 bxc6 10. Nxd4 Nb8 11. Qh5 Qd7 12. Bg5 Bxg5 13. Qxg5 c5 14. Ne2 Qf5 15. Qxf5 Bxf5 16. c3 Nc6 17. Nd2 Rad8 18. Ng3 Bc2 19. Rac1 Bd3 20. Nb3 c4 21. Nc5 Bg6 22. f4 Ne7 23. Ne2 h5 24. Nd4 Bf5 25. e6 Rfe8 26. exf7+ Kxf7 27. Re5 g6 28. Rce1 h4 29. Nb5 Rc8 30. Nxa7 Ra8 31. Nb5 Rac8 32. Na6 Nc6 33. Rxe8 Rxe8 34. Rxe8 Kxe8 35. Naxc7+ Kd7 36. Nxd5 Ne7 37. Nxe7 1-0

[Event "TUR-ch U20"]
[Site "Samsun"]
[Date "2023.05.25"]
[Round "9"]
[White "Duygulu, Ugur"]
[Black "Kurtyilmaz, Kuzey"]
[Result "0-1"]
[WhiteElo "1161"]
[BlackElo "1608"]
[PlyCount "94"]
[EventDate "2023.05.19"]
[EventType "swiss"]
[EventRounds "9"]
[EventCountry "TUR"]
[SourceTitle "CBM 214 Extra"]
[Source "ChessBase"]
[SourceDate "2023.07.31"]
[SourceVersion "1"]
[SourceVersionDate "2023.07.31"]
[SourceQuality "1"]

1. e4 e5 2. Nf3 Nc6 3. Nc3 Nf6 4. Be2 d5 5. exd5 Nxd5 6. 0-0 Nxc3 7. bxc3 e4 8. Ne1 Bd6 9. d3 Bf5 10. dxe4 Bxe4 11. Bd3 0-0 12. Nf3 Bg6 13. Rb1 b6 14. Bxg6 hxg6 15. Bg5 Qd7 16. Re1 Qf5 17. Qd3 Qxd3 18. cxd3 f6 19. Bh4 Rad8 20. d4 Na5 21. Nd2 Kf7 22. f3 Bf4 23. Ne4 Nc4 24. Bg3 g5 25. h4 Bxg3 26. Nxg3 gxh4 27. Nf5 Rfe8 28. Nxh4 Rd5 29. g4 Ra5 30. Rxe8 Kxe8 31. Re1+ Kf8 32. Re2 Ra3 33. Ng6+ Kf7 34. Ne7 Rxc3 35. Nd5 Rc1+ 36. Kg2 c6 37. Nb4 Na3 38. Kg3 a5 39. Na6 Rc2 40. Re3 Nb5 41. d5 cxd5 42. Rb3 Nd4 43. Rxb6 Rxa2 44. Rd6 Rd2 45. Nc5 Rc2 46. Rxd5 Ne2+ 47. Kh4 g5+ 0-1

[Event "TUR Cup"]
[Site "Adapazari"]
[Date "2022.03.28"]
[Round "5"]
[White "Kurtyilmaz, Kuzey"]
[Black "Lale, Omer Faruk"]
[Result "1/2-1/2"]
[WhiteElo "1481"]
[BlackElo "1771"]
[PlyCount "124"]
[EventDate "2022.03.25"]
[EventType "swiss"]
[EventRounds "11"]
[EventCountry "TUR"]
[SourceTitle "EXT 2023"]
[Source "ChessBase"]
[SourceDate "2022.10.05"]
[SourceVersion "1"]
[SourceVersionDate "2022.10.05"]
[SourceQuality "1"]

1. e4 c5 2. Nf3 d6 3. d4 cxd4 4. Nxd4 Nf6 5. Nc3 g6 6. Be3 Bg7 7. f3 Nc6 8. Bc4 Bd7 9. Qd2 h5 10. 0-0-0 Ne5 11. Bb3 Rc8 12. Kb1 Nc4 13. Bxc4 Rxc4 14. Rhe1 0-0 15. Nce2 Qc7 16. c3 d5 17. e5 Nh7 18. f4 a5 19. h3 b5 20. g4 hxg4 21. hxg4 b4 22. g5 Rb8 23. Rc1 Nf8 24. cxb4 axb4 25. b3 Rxc1+ 26. Rxc1 Qb7 27. Ng3 Qa6 28. Rc5 Rc8 29. Rxc8 Bxc8 30. Nc2 Be6 31. Nxb4 Qc8 32. Nxd5 Qb7 33. Nc3 f6 34. exf6 exf6 35. Bd4 Qd7 36. Qe3 fxg5 37. Bxg7 gxf4 38. Qxf4 Qxg7 39. Nce4 Nd7 40. Qg5 Kh7 41. Qh4+ Kg8 42. Qd8+ Qf8 43. Qxf8+ Kxf8 44. Ng5 Bd5 45. N3e4 Ke7 46. b4 Nf6 47. Nxf6 Kxf6 48. Nh3 Kf5 49. a4 Kg4 50. Ng1 Bb3 51. a5 Bc4 52. Kc1 Kg3 53. Kd2 g5 54. Ke3 g4 55. Ne2+ Kh2 56. Kf2 Bxe2 57. Kxe2 g3 58. a6 g2 59. a7 g1Q 60. a8Q Qg4+ 61. Kf2 Qg1+ 62. Ke2 Qg4+ 1/2-1/2